| 000 | 00611nam a2200205 4500 | ||
|---|---|---|---|
| 003 | OSt | ||
| 005 | 20260530115321.0 | ||
| 008 | 260513b2001 |||a|||| |||| 001 0 eng d | ||
| 020 | _a0060186135 | ||
| 040 |
_aICI _bspa _cICI _erda |
||
| 050 |
_aNC997 _bC73 2001 |
||
| 100 | 1 |
_aE. Carter, David _eautor |
|
| 245 |
_aCreativity 30: _bbright ideas in advertising and design from 40 countries around the word / |
||
| 264 |
_aEstados Unidos de América _bHBI _c2001 |
||
| 300 | _a384 páginas | ||
| 336 |
_2rdacontent _atexto |
||
| 337 |
_2rdamedia _asin medio |
||
| 338 |
_2rdacarrier _avolumen |
||
| 942 |
_2lcc _n1 _cBK |
||
| 999 |
_c13777 _d13777 |
||